José Rodríguez de Losada (Record no. 12610)

MARC details
000 -LEADER
campo de control de longitud fija 00814nam a22002535i 4500
001 - NÚMERO DE CONTROL
campo de control 12610
003 - IDENTIFICADOR DE NÚMERO DE CONTROL
campo de control ES-MaACL
005 - FECHA Y HORA DE LA ÚLTIMA TRANSACCIÓN
campo de control 20250816063125.0
007 - CAMPO FIJO DE DESCRIPCIÓN FÍSICA--INFORMACIÓN GENERAL
campo de control de longitud fija t|
008 - DATOS DE LONGITUD FIJA--INFORMACIÓN GENERAL
campo de control de longitud fija 950831s1995 sp ||||0| spa j
020 ## - NÚMERO INTERNACIONAL ESTÁNDAR DEL LIBRO
Número Internacional Estándar del Libro 84-920-7550-3
040 ## - FUENTE DE CATALOGACIÓN
Centro catalogador/agencia de origen M-BN
Lengua de catalogación spa
Centro/agencia transcriptor M-BN
080 ## - NÚMERO DE LA CLASIFICACIÓN DECIMAL UNIVERSAL
Número de la Clasificación Decimal Universal 929 Rodríguez de Losada, José
080 ## - NÚMERO DE LA CLASIFICACIÓN DECIMAL UNIVERSAL
Número de la Clasificación Decimal Universal 681.11 Rodríguez de Losasda, José
100 0# - ENTRADA PRINCIPAL--NOMBRE DE PERSONA
Nombre de persona Moreno, Roberto,
Forma completa/desarrollada del nombre Moreno García
9 (RLIN) 83313
245 10 - MENCIÓN DEL TÍTULO
Título José Rodríguez de Losada
Resto del título : vida y obra /
Mención de responsabilidad, etc. Roberto Moreno.
260 ## - PUBLICACIÓN, DISTRIBUCIÓN, ETC.
Lugar de publicación, distribución, etc. Madrid :
Nombre del editor, distribuidor, etc. Fundación Juanelo Turriano,
Fecha de publicación, distribución, etc. 1995.
300 ## - DESCRIPCIÓN FÍSICA
Extensión 230 p :
Otras características físicas il. col. y n ;
Dimensiones 30 cm.
500 ## - NOTA GENERAL
Nota general Indice.
600 04 - PUNTO DE ACCESO ADICIONAL DE MATERIA--NOMBRE DE PERSONA
Nombre de persona Losada, José,
Fechas asociadas al nombre 1797-1870
9 (RLIN) 74257
710 2# - ENTRADA AGREGADA--NOMBRE DE ENTIDAD CORPORATIVA
Nombre de entidad corporativa o nombre de jurisdicción como elemento de entrada Fundación Juanelo Turriano.
9 (RLIN) 4352
852 ## - LOCALIZACIÓN
Ubicación ES-MaACL
Número de control de estantería L-19956
Sublocalización o colección R.124910
Holdings
Estatus retirado Estado de pérdida Estado de daño No para préstamo Biblioteca de origen Biblioteca actual Ubicación en estantería Fecha de adquisición Fuente de adquisición Total de préstamos Signatura topográfica completa Código de barras Visto por última vez Precio de reemplazo Tipo de ítem Koha
        Biblioteca del Ateneo de Madrid Biblioteca del Ateneo de Madrid Depósito 2 17/01/2008     L-19956 1012846 23/02/2023 23/02/2023 Libro impreso